|
|
|
|
| LEADER |
00795nam a2200301 4500 |
| 001 |
DLU080062224 |
| 005 |
##20080320 |
| 040 |
# |
# |
|a DLU
|b vie
|
| 041 |
# |
# |
|a vie
|
| 044 |
# |
# |
|a vn
|
| 082 |
# |
# |
|a 545
|b NG-D
|
| 100 |
# |
# |
|a Nguyễn Tinh Dung.
|
| 245 |
# |
# |
|a Hoá học phân tích.
|n t.III,
|p các phương pháp định lượng hoá học /
|c Nguyễn Tinh Dung.
|
| 260 |
# |
# |
|a H. :
|b Giáo dục,
|c 2007.
|
| 300 |
# |
# |
|a 303 tr. :
|b minh hoạ ;
|c 21 cm.
|
| 504 |
# |
# |
|a Tài liệu tham khảo: tr.301.
|
| 650 |
# |
# |
|a Hoá học, Phân tích
|v Giáo trình.
|
| 923 |
# |
# |
|a 01/2008
|
| 990 |
# |
# |
|a t.III
|
| 992 |
# |
# |
|a 16400
|
| 994 |
# |
# |
|a DLU
|
| 900 |
# |
# |
|a True
|
| 911 |
# |
# |
|a Đào Thị Thu Huyền
|
| 925 |
# |
# |
|a G
|
| 926 |
# |
# |
|a A
|
| 927 |
# |
# |
|a SH
|
| 980 |
# |
# |
|a Thư viện Trường Đại học Đà Lạt
|